000 00618cam a22002291 4500
001 sa 63002682
003 DLC
005 20260227111935.0
008 820416s1960 ii a 000 0 eng
010 _asa 63002682
035 _a(OCoLC)8343531
040 _aDLC
_cAzU
_dAzU
_dDLC
042 _apremarc
050 0 0 _aBL1470
_b.D58
100 1 _aDiwakar, Ranganath Ramachandra,
_d1894-1990.
245 1 0 _aBhagawan Buddha.
250 _a[1st ed.]
260 _aBombay,
_bBharatiya Vidya Bhavan,
_c1960.
300 _a199 p.
_billus.
_c19 cm.
440 0 _aBhavan's book university,
_v67
600 0 0 _aGautama Buddha.
999 _c54600
_d54600